Juvenile delinquency and correctional service in India (Record no. 501303)

000 -LEADER
fixed length control field 00440cam a22001337a 4500
008 - FIXED-LENGTH DATA ELEMENTS--GENERAL INFORMATION
fixed length control field 180718b1982 xxu||||| |||| 00| 0 eng d
082 ## - DEWEY DECIMAL CLASSIFICATION NUMBER
Classification number APPPA 81-82 SIN
100 ## - MAIN ENTRY--PERSONAL NAME
Personal name Singh, Janardan
245 ## - TITLE STATEMENT
Title Juvenile delinquency and correctional service in India
Statement of responsibility, etc. by Janardan Singh
260 ## - PUBLICATION, DISTRIBUTION, ETC.
Place of publication, distribution, etc. New Delhi
Name of publisher, distributor, etc. Indian Institute of Public Administration
Date of publication, distribution, etc. 1982
300 ## - PHYSICAL DESCRIPTION
Extent 170p.
650 ## - SUBJECT ADDED ENTRY--TOPICAL TERM
Topical term or geographic name entry element Correctional service-India
650 ## - SUBJECT ADDED ENTRY--TOPICAL TERM
Topical term or geographic name entry element Juvenile delinquency
Holdings
Withdrawn status Lost status Damaged status Not for loan Permanent Location Current Location Date acquired Full call number Barcode Date last seen Price effective from Koha item type
        Indian Institute of Public Administration Indian Institute of Public Administration 2018-08-04 APPPA 81-82 SIN GR10909 2018-08-04 2018-08-04 GR

Powered by Koha